000
00333nam a22001457a 4500
008
210607b ||||| |||| 00| 0 eng d
020
_a
9780323004053
041
_a
eng
080
_a
616.073
082
_a
616.073
100
_a
6
101
_a
RAD
245
_a
Radiographic Imaging & Exposure
_c
Terri L. Fauber
942
_2
udc
_c
BK
999
_c
58020
_d
58020